000 01677nam0a2200373 4500
001 RU\NLR\BIBL_A\011836729
005 20250626135749.0
010 _a978-5-389-06570-3
_94000
035 _a(NILC)LIBNET\0000574372
035 _a(NLR Aleph) 011836729
090 _a12035050
_c12035050
100 _a20181024d2014 |||y0rusy50 ca
101 0 _arus
_ceng
102 _aRU
105 _aac||z|||000zy
200 1 _aЭротика
_fХанс Юрген Депп, Джо А. Томас, Виктория Чарльз
_g[пер. с англ. И. Куберского]
210 _aСанкт-Петербург [и др.]
_cАзбука [и др.]
_d2014
215 _a543 с.
_cил., цв. ил.
_d22
225 1 _a1000 шедевров
300 _aНа 2-й с. суперобл. авт.: Ханс Юрген Депп, адъюнкт-проф. Кларион. ун-та США Джо А. Томас, искусствовед Виктория Чарльз
300 _aНа суперобл. авт. не указаны
320 _aУказ.: с. 542-543
333 _a18+
606 1 _aЭротика
_xв изобразительном искусстве
_92121740
_3RU\NLR\AUTH\661281124
686 1 _aЩ103(0)-3
700 1 _aДёпп
_bХ. Ю.
_gХанс Юрген
701 1 _aТомас
_bД. А.
_cадъюнкт-профессор
_gДжо А.
701 1 _aЧарльз
_bВ.
_gВиктория
801 0 _aRU
_bЦГПБ Санкт-Петербург
_c20150805
_grcr
942 _cBOOK
980 _aNB
980 _aSUPPRESS